Fury: a novel (Record no. 29)
[ view plain ]
| 000 -LEADER | |
|---|---|
| fixed length control field | 00491 a2200169 4500 |
| 001 - CONTROL NUMBER | |
| control field | 001265 |
| 003 - CONTROL NUMBER IDENTIFIER | |
| control field | OSt |
| 005 - DATE AND TIME OF LATEST TRANSACTION | |
| control field | 20211022122546.0 |
| 008 - FIXED-LENGTH DATA ELEMENTS--GENERAL INFORMATION | |
| fixed length control field | |
| 082 ## - DEWEY DECIMAL CLASSIFICATION NUMBER | |
| Classification number | 823.914 |
| Item number | R89F |
| 100 1# - MAIN ENTRY--PERSONAL NAME | |
| Personal name | Rushdie, Salman |
| 245 1# - TITLE STATEMENT | |
| Title | Fury: a novel |
| Statement of responsibility, etc | by Salman Rushdie |
| 260 ## - PUBLICATION, DISTRIBUTION, ETC. (IMPRINT) | |
| Place of publication, distribution, etc | London |
| Name of publisher, distributor, etc | Vintage |
| Date of publication, distribution, etc | 2002 |
| 300 ## - PHYSICAL DESCRIPTION | |
| Extent | 259p. |
| 690 ## - LOCAL SUBJECT ADDED ENTRY--TOPICAL TERM (OCLC, RLIN) | |
| Topical term or geographic name as entry element | New York (State)--New York; Middle-aged men; British; College teachers; United States; Anger; Manners and customs |
| 942 ## - ADDED ENTRY ELEMENTS (KOHA) | |
| Source of classification or shelving scheme | Dewey Decimal Classification |
| Koha item type | Books |
| Withdrawn status | Lost status | Source of classification or shelving scheme | Damaged status | Not for loan | Collection code | Home library | Current library | Date acquired | Source of acquisition | Cost, normal purchase price | Total Checkouts | Full call number | Barcode | Date last seen | Date checked out | Price effective from | Koha item type |
|---|---|---|---|---|---|---|---|---|---|---|---|---|---|---|---|---|---|
| Dewey Decimal Classification | General Text Book | Central University Of Rajasthan | Central University Of Rajasthan | 28/09/2010 | ENG | 248.95 | 1 | 823.914 R89F | 1257 | 16/04/2026 | 10/04/2026 | 02/09/2020 | Books |
